|
|
|
|
| LEADER |
00000nab a2200000 a 4500 |
| 001 |
vtls000772283 |
| 003 |
SK-MaSNL |
| 005 |
20260304125052.0 |
| 008 |
250429c1999 xo 0 slo |
| 015 |
|
|
|a SNBRB2001/11-31950
|
| 035 |
|
|
|a CLN000124070
|
| 035 |
|
|
|a urn:nbn:sk:snk-ab2yqz
|
| 035 |
|
|
|a (urnnbn)urn:nbn:sk:snk:ar-a034nk
|
| 035 |
|
|
|a (uuid)2a4e85d3-e80a-4a5b-9d35-6009968b40db
|
| 040 |
|
|
|a SNKBUCL
|b slo
|c SNKBUCL
|e AACR2
|
| 041 |
0 |
|
|a slo
|
| 044 |
|
|
|a xo
|c SK
|
| 080 |
|
|
|a 616-006-08
|2 1997
|
| 100 |
1 |
|
|a Chovanec, Jozef,
|d 1951 30. marec-
|4 aut
|9 253870
|
| 245 |
1 |
0 |
|a Projekt Hope
|c Jozef Chovanec
|
| 610 |
2 |
7 |
|a Hope (projekt)
|2 snkbucl
|9 1437174
|
| 650 |
0 |
7 |
|a malígne nádorové ochorenia
|2 snkbucl
|9 67540
|
| 650 |
0 |
7 |
|a prevencia ochorení
|2 snkbucl
|9 69501
|
| 650 |
0 |
7 |
|a nadácie
|2 snkbucl
|9 2665
|
| 655 |
|
7 |
|a články z novín a časopisov
|2 snkbucl
|9 267496
|
| 773 |
0 |
|
|t Medicínsky monitor
|g Roč. 5, č. 1 (1999), s. 19
|x 1335-0951
|
| 850 |
|
|
|a Slovenská národná knižnica
|
| 852 |
|
|
|a Slovenská národná knižnica
|
| 954 |
|
|
|a odborná, vedecká literatúra pôvodná (slovenská)
|2 lita
|
| 958 |
|
|
|a article2022
|
| 958 |
|
|
|a OND
|
| 958 |
|
|
|a MI
|
| 958 |
|
|
|a EUIPO
|
| 992 |
|
|
|a RBX
|
| 999 |
|
|
|c 2893030
|d 2894960
|